MARC details
| 000 -LEADER |
| fixed length control field |
01269cam a2200301 i 4500 |
| 001 - CONTROL NUMBER |
| control field |
3228361 |
| 003 - CONTROL NUMBER IDENTIFIER |
| control field |
GZU |
| 005 - DATE AND TIME OF LATEST TRANSACTION |
| control field |
20210524122604.0 |
| 008 - FIXED-LENGTH DATA ELEMENTS--GENERAL INFORMATION |
| fixed length control field |
800930s1980 ne b 101 0 eng |
| 010 ## - LIBRARY OF CONGRESS CONTROL NUMBER |
| LC control number |
79056566 |
| 020 ## - INTERNATIONAL STANDARD BOOK NUMBER |
| International Standard Book Number |
9028606394 |
| 040 ## - CATALOGING SOURCE |
| Original cataloging agency |
DLC |
| Transcribing agency |
DLC |
| Modifying agency |
DLC |
| 043 ## - GEOGRAPHIC AREA CODE |
| Geographic area code |
f------ |
| 050 00 - LIBRARY OF CONGRESS CALL NUMBER |
| Classification number |
JX4422 REM 1980 |
| Item number |
R45 |
| 082 00 - DEWEY DECIMAL CLASSIFICATION NUMBER |
| Classification number |
341.4/5 |
| Edition number |
19 |
| 100 1# - MAIN ENTRY--PERSONAL NAME |
| Personal name |
Rembe, Nasila S. |
| 245 10 - TITLE STATEMENT |
| Title |
Africa and the international law of the sea : |
| Remainder of title |
a study of the contribution of the African States to the Third United Nations Conference on the Law of the Sea / |
| Statement of responsibility, etc. |
Nasila S. Rembe. |
| 260 ## - PUBLICATION, DISTRIBUTION, ETC. |
| Place of publication, distribution, etc. |
Alphen aan den Rijn, The Netherlands ; |
| -- |
Germantown, Md. : |
| Name of publisher, distributor, etc. |
Sijthoff & Noordhoff, |
| Date of publication, distribution, etc. |
1980. |
| 300 ## - PHYSICAL DESCRIPTION |
| Extent |
xix, 251 p. ; |
| Dimensions |
25 cm. |
| 490 1# - SERIES STATEMENT |
| Series statement |
Sijthoff publications on ocean development ; v. 6 |
| 500 ## - GENERAL NOTE |
| General note |
Includes index |
| 504 ## - BIBLIOGRAPHY, ETC. NOTE |
| Bibliography, etc. note |
Includes bibliographical references and indexes. |
| 650 #0 - SUBJECT ADDED ENTRY--TOPICAL TERM |
| Topical term or geographic name entry element |
Law of the sea |
| Geographic subdivision |
Africa. |
| 711 2# - ADDED ENTRY--MEETING NAME |
| Meeting name or jurisdiction name as entry element |
United Nations Conference on the Law of the Sea |
| Number of part/section/meeting |
(3rd : |
| Date of meeting or treaty signing |
1973-1982 : |
| Location of meeting |
New York, N.Y.; Caracas, Venezuela; Geneva, Switzerland; Montego Bay, Jamaica) |
| 810 2# - SERIES ADDED ENTRY--CORPORATE NAME |
| Corporate name or jurisdiction name as entry element |
A.W. Sijthoff (Firm). |
| Title of a work |
Sijthoff publications on ocean development ; |
| Volume/sequential designation |
v. 6. |
| 906 ## - LOCAL DATA ELEMENT F, LDF (RLIN) |
| a |
7 |
| b |
cbc |
| c |
orignew |
| d |
2 |
| e |
ocip |
| f |
19 |
| g |
y-gencatlg |
| 942 ## - ADDED ENTRY ELEMENTS (KOHA) |
| Source of classification or shelving scheme |
Library of Congress Classification |
| Koha item type |
Books |
| Classification part |
4422 |
| Item part |
REM |
| Call number prefix |
JX |